00473nam a2200205Ia 4500008004100000020001800041050001600059100002200075245002300097245002500120260001500145260001600160260000900176300001600185300002600201300001000227300001600237440000600253500000800259170918s9999 xx 000 0 und d a9780545835381 bS857sp 2014 aStilton, Geronimo aRescue rebellion / cby Geronimo Stilton. aNew York : bScholastic, c2014 a113 pages : bcolor illustrations ; c19cm. eSpacemice ; a5 a570